1125 1308 1448 1131 1466 1070 1687 1038 1845 1851 1625 1417 1157 1900 1600 1545 1300 1573 1643 1617 1211 1320 1429 1988 1094 1736 1428 1995 1467 1486 1431 1792 1885 1480 1069 1638 1785 1178 1316 1488 1003 1129 1377 1017 1017 1912 1536 1180 1066 1949 1758 1416 1545 1757 1761 1271 1469 1196 1525 1691 1718 1993 1304 1674 1834 1507 1210 1133 1518 1615 1135 1043 1287 1450 1453 1355 1742 1425 1520 1417 1722 1945 1847 1686 1969 1644 1187 1707 1927 1286 1296 1551 1990 1084 1074 1864 1424 1729 1887 BCNSPRNW ULIB Ver.6.0+V

เปลี่ยนเป็นภาษาไทย

Change to English
 แสดงรายละเอียดบรรณานุกรม
  กลับหน้าหลัก

Brief Record : Get Marc (ISO 2709) : E-mail record : QR code < ปิดหน้าต่าง
LEADER : 00000nam 2200000uu 4500
001    13399124340
003     ULIB
008    020711s2011 th a 000 0 eng d
020    9780071771436
060    WY18.2^bN111
245    Nursing School Entrance Exams/^cMcGraw-Hill's
250    1st ed
260    New York :^bMcGraw-Hill,^c2011
300    448 pages;^b27.5 cm
650    Nursing^xExams
945    ^p0^l0^i039374
รายการนี้ยังไม่มีแท็ก
คุณยังไม่ได้ล็อกอิน คุณสามารถมีกิจกรรมร่วมกับเว็บไซต์ได้ แต่ต้องล็อกอินก่อน ::
  ล็อกอิน

รายการสื่อสารสนเทศ

ลำดับที่ ประเภท เลขเรียก/บาร์โค้ด สถานที่ สถานะ
1. Book การพยาบาล
Book การพยาบาล
WY18.2 N111 ฉ.1 
  Barcode: 039374
ห้องสมุดวิทยาเขตสวรรค์ประชารักษ์
►หนังสือทั่วไป
บนชั้น

BibComment


ยังไม่เคยถูกคอมเมนท์

คอมเมนท์ทรัพยากรรายการนี้
  คอมเมนท์: Nursing School En..


 Copyright 2026. Bcnsprnw @Library